Daň z pridanej hodnoty

Zákon Národnej rady Slovenskej republiky č. 289/95 o DPH s komentárom. Zoznam tovarov a služieb, ktoré podliehajú sadzbe dane 6 percent.

Enregistré dans:
Détails bibliographiques
Auteur principal: Zuziková, Alena
Format: Chapitre de livre
Langue:slovaque
Sujets:
Tags: Ajouter un tag
Pas de tags, Soyez le premier à ajouter un tag!

MARC

LEADER 00000naa a2200000 4500
001 r033583
005 20230919065946.1
041 0 |a slo 
044 |a SK 
245 1 0 |a Daň z pridanej hodnoty  |c Alena Zuzíková 
520 |a Zákon Národnej rady Slovenskej republiky č. 289/95 o DPH s komentárom. Zoznam tovarov a služieb, ktoré podliehajú sadzbe dane 6 percent. 
610 2 0 |a dane z hodnoty pridanej 
610 2 0 |a zákony 
610 2 0 |a Slovensko 
610 2 0 |a komentáre 
610 2 0 |a 1995 
100 1 |a Zuziková, Alena